[Event "TUR-chT 2nd League"]
[White "Hanamirian, Mina"]
[Black "Ozaltun, Ecem"]
[Site "Konya"]
[Round "6.11"]
[Result "0-1"]
[Date "2018.07.19"]
[WhiteElo "1242"]
[BlackElo "1576"]
[PlyCount "111"]
[EventDate "2018.07.16"]
[EventType "team-swiss"]
[EventRounds "9"]
[EventCountry "TUR"]
[SourceTitle "EXT 2019"]
[Source "ChessBase"]
[SourceDate "2018.10.10"]
[SourceVersion "1"]
[SourceVersionDate "2018.10.10"]
[SourceQuality "1"]
[WhiteTeam "Istanbul Sisli"]
[BlackTeam "Gulbahcesi Egitim"]
[WhiteTeamCountry "TUR"]
[BlackTeamCountry "TUR"]

1. e4 c5 2. Nc3 d6 3. f4 Nc6 4. Nf3 e6 5. Bc4 a6 6. a4 Nf6 7. d3 Be7 8. 0-0 Nd7 9. Ng5 Bxg5 10. fxg5 Nde5 11. Ba2 Qe7 12. Be3 Bd7 13. Qd2 Rd8 14. Ne2 Ng6 15. c3 b5 16. axb5 axb5 17. b4 Nce5 18. d4 cxd4 19. cxd4 Nc4 20. Bxc4 bxc4 21. Nc3 0-0 22. Rf2 Ra8 23. Rff1 d5 24. exd5 Qxb4 25. dxe6 fxe6 26. Rxf8+ Rxf8 27. Rb1 Qd6 28. d5 exd5 29. Qxd5+ Qxd5 30. Nxd5 Bc6 31. Nc3 Nh4 32. Rb2 Ra8 33. g3 Nf3+ 34. Kf1 Ra1+ 35. Rb1 Nxh2+ 36. Ke2 Ra8 37. Rb6 Rc8 38. Nd1 Bf3+ 39. Ke1 c3 40. Rb3 c2 41. Nc3 Rd8 42. Bd2 Bg4 43. Ne2 Nf3+ 44. Rxf3 Bxf3 45. Nc3 Bg4 46. Na2 Re8+ 47. Kf1 Bf5 48. Nc1 Rd8 49. Ke1 Kf7 50. Ke2 Kg6 51. Bf4 h6 52. Bd2 hxg5 53. Be3 Kh5 54. Kf3 Rd7 55. Kf2 Kg4 56. Kg2 0-1